Охрана воздушной среды на химических и нефтехимических предприятиях

Bibliographic Details
Main Author: Эльтерман В. М. Виктор Михайлович
Language:Russian
Published: Москва, Химия, 1985
Subjects:
Format: Book
KOHA link:https://koha.lib.tpu.ru/cgi-bin/koha/opac-detail.pl?biblionumber=36206

MARC

LEADER 00000nam0a2200000 4500
001 36206
005 20231031001403.0
035 |a (RuTPU)RU\TPU\book\36676 
035 |a BOOK00003328 
090 |a 36206 
100 |a 20011210d1985 km y0rusy50 ca 
101 0 |a rus 
102 |a RU 
105 |a a z 000zy 
200 1 |a Охрана воздушной среды на химических и нефтехимических предприятиях  |f В. М. Эльтерман 
210 |a Москва  |c Химия  |d 1985 
215 |a 160 с.  |c ил. 
610 1 |a химия 
610 1 |a химические предприятия 
610 1 |a воздух 
610 1 |a очистка 
610 1 |a воздушная среда 
610 1 |a устройства 
610 1 |a проектирование 
675 |a 66.013.8  |v 3 
700 1 |a Эльтерман  |b В. М.  |g Виктор Михайлович 
801 0 |a RU  |b 63413507  |c 20011210  |g PSBO 
801 2 |a RU  |b 63413507  |c 20141114  |g PSBO 
900 |a Технология защиты биосферы от промышленных выбросов 
942 |c BK